| 000 | 00877cam a2200301 a 4500 | ||
|---|---|---|---|
| 003 | CHAP | ||
| 005 | 20220817044017.0 | ||
| 008 | 060126d2004 it k 00010 eng d | ||
| 010 | _a89977 | ||
| 011 | _a90949 | ||
| 035 | _a101506 | ||
| 040 | _cCHAP | ||
| 090 | _aCD-156 | ||
| 110 | 2 | _aFAO | |
| 245 | 1 | 0 |
_aPesticide residues in food-2003 (disco compacto) _c/by FAO |
| 260 |
_aRome : _bFAO, _c2003. |
||
| 300 |
_a1 disco compacto _c4 3/4 plgs. |
||
| 590 |
_aBATCH-UPD _b10 _c20130110 _lUCH01 _h1753 |
||
| 590 |
_aBATCH-UPD _b10 _c20130410 _lUCH01 _h1130 |
||
| 590 |
_aCONVERSION _b10 _c20130109 _lUCH01 _h1350 |
||
| 650 | 1 | 4 |
_aAlimentos _xContaminacion por pesticidas. _94208 |
| 650 | 1 | 4 |
_aPesticidas _xResiduos. _987570 |
| 650 | 1 | 4 |
_aPesticidas _xToxicidad. _987571 |
| 901 | _aBK | ||
| 905 | _aLilia | ||
| 942 | _cCD | ||
| 949 |
_aCD-156 _bBC _cCD _d33724000992921 _eCD _i101506 _sb |
||
| 999 |
_c89977 _d89977 |
||